Statistics for British Novels Set Abroad

Click here to take the quiz!

General Stats

  • This quiz has been taken 23 times
  • The average score is 7 of 12

Answer Stats

AuthorNovelCountry% Correct
J.G. BallardEmpire of the SunChina
86%
E.M. ForsterA Room with a ViewItaly
86%
Louis de BernièresCaptain Corelli's MandolinGreece
82%
Salman RushdieMidnight's ChildrenIndia
77%
Sebastian FaulksBirdsongFrance
59%
Alex GarlandThe BeachThailand
59%
Mary ShelleyFrankensteinSwitzerland
55%
Ian FlemingDr. NoJamaica
41%
Graham GreeneThe Quiet AmericanVietnam
36%
Malcolm LowryUnder the VolcanoMexico
27%
Edward St AubynBad NewsUnited States
27%
David MitchellThe Thousands Autumns of Jacob de ZoetJapan
23%

Score Distribution

Percentile by Number Answered

Percent of People with Each Score

Your Score History

You have not taken this quiz